| 000 -CABECERA |
| Campo de control de longitud fija |
00771nam a22001817a 4500 |
| 008 - CAMPO FIJO DE DESCRIPCIÓN FIJA--INFORMACIÓN GENERAL |
| Campo de control de longitud fija |
211221b ||||| |||| 00| 0 eng d |
| 020 ## - ISBN (INTERNATIONAL STANDARD BOOK NUMBER) |
| ISBN |
9788409335206 |
| 040 ## - FUENTE DE CATALOGACIÓN |
| Agencia de catalogación original |
CDMR |
| Agencia que realiza la transcripción |
0 |
| 100 ## - ENCABEZAMIENTO PRINCIPAL--NOMBRE PERSONAL |
| 9 (RLIN) |
4692 |
| Nombre de persona |
Santillán Buelna, José Ramón |
| 245 ## - MENCIÓN DE TÍTULO |
| Título |
Perfil del corresponsal mexicano en España |
| Mención de responsabilidad, etc. |
/ José Ramón Santillán Buelna, Patricia Maldonado Pérez ; [Prólogo de Diego Gómez Pickering] |
| 260 ## - PUBLICACIÓN, DISTRIBUCIÓN, ETC (PIE DE IMPRENTA) |
| Lugar de publicación, distribución, etc. |
Barcelona: |
| Nombre del editor, distribuidor, etc. |
Observatorio de México en España, |
| Fecha de publicación, distribución, etc. |
2021 |
| 300 ## - DESCRIPCIÓN FÍSICA |
| Extensión |
50 pàgines; |
| Dimensiones |
22 cm |
| 490 ## - MENCIÓN DE SERIE |
| Mención de serie |
Informe de investigación; |
| Número de volumen/designación secuencial |
4 |
| 650 #0 - ASIENTO SECUNDARIO DE MATERIA--TÉRMINO DE MATERIA |
| 9 (RLIN) |
2802 |
| Nombre de materia o nombre geográfico como elemento de entrada |
Corresponsals estrangers |
| Subdivisión geográfica |
Mèxic |
| 700 ## - ENCABEZAMIENTO SECUNDARIO--NOMBRE PERSONAL |
| 9 (RLIN) |
4792 |
| Nombre de persona |
Maldonado Pérez, Patricia |
| 856 ## - ACCESO ELECTRÓNICO |
| Identificador uniforme del recurso URI |
<a href="https://www.obsmex.com/_files/ugd/ef79d6_0de4ae63e28f4c81925fb74417bd7334.pdf">https://www.obsmex.com/_files/ugd/ef79d6_0de4ae63e28f4c81925fb74417bd7334.pdf</a> |
| Nota Pública |
Accés lliure |
| 942 ## - ELEMENTOS KOHA |
| Fuente de clasificación o esquema de ordenación en estanterías |
|
| Koha tipo de item |
Fullets |